Los padres de la iglesia: textos doctrinales del cristianismo desde los orígenes hasta san Atanasio

Guardat en:
Dades bibliogràfiques
Format: Llibre
Idioma:espanyol
Publicat: Barcelona Herder 1982
Edició:2a. ed
Matèries:
Etiquetes: Afegir etiqueta
Sense etiquetes, Sigues el primer a etiquetar aquest registre!

MARC

LEADER 00000nam a2200000 a 4500
001 UCL4248
003 CL-VaPUC
008 040109e19820000SP |||||||||||||||||spa|d
020 |a 8425400086 
082 0 4 |a 270  |b PAD  |2 21 
245 1 4 |a Los padres de la iglesia: textos doctrinales del cristianismo desde los orígenes hasta san Atanasio 
250 |a 2a. ed 
300 |a 502 p 
942 |c BK 
945 |d 20040109 00:00:00  |a vberengu 
260 |a Barcelona  |b Herder  |c 1982 
650 0 |a Patrística  |9 322007 
650 0 |a Padres de la Iglesia  |9 313352 
650 0 |a Historia de la iglesia   |9 257565 
583 |a last modification  |c 20040109 00:00:00  |k Rodrigo Vera 
999 |c 307129  |d 307127 
952 |0 0  |1 0  |4 0  |6 270_000000000000000_PAD_1982  |7 0  |8 A  |9 372741  |a BIBTEO  |b BIBTEO  |d 2019-11-21  |i 2100479  |o 270 PAD 1982  |p 2100479  |r 2025-01-17  |w 2019-11-21  |y BK  |k ICR